Los capitales salitreros de Tarapacá

Salvato in:
Dettagli Bibliografici
Autore principale: Billinghurst Angulo, Guillermo Eduardo (Autore)
Natura: Libro
Lingua:spagnolo
Pubblicazione: Santiago Cámara Chilena de la Construcción 2011
Santiago Pontificia Universidad Católica de Chile 2011
Santiago Dirección de Bibliotecas, Archivos y Museos 2011
Edizione:1a. ed
Serie:Biblioteca Fundamentos de la Construcción de Chile, 54
Soggetti:
Tags: Aggiungi Tag
Nessun Tag, puoi essere il primo ad aggiungerne!!

MARC

LEADER 00000cam a2200000 a 4500
001 UCG8282
003 CL-VaPUC
008 111202e20110000CL |||||||||||||||||spa|d
020 |a 9789568306687 
082 0 4 |a 380.983  |b BIL  |2 21 
100 0 |a Billinghurst Angulo, Guillermo Eduardo  |e author  |9 559253 
245 1 4 |a Los capitales salitreros de Tarapacá 
250 |a 1a. ed 
300 |a 109 p 
942 |c BK 
945 |d 20111202 00:00:00  |a cmena 
260 |a Santiago  |b Cámara Chilena de la Construcción  |c 2011 
260 |a Santiago  |b Pontificia Universidad Católica de Chile  |c 2011 
260 |a Santiago  |b Dirección de Bibliotecas, Archivos y Museos  |c 2011 
650 0 |a Salitre  |9 313872 
650 0 |a Historia de Chile   |9 322385 
650 0 |a Aspectos económicos  |9 255165 
650 7 |a INDUSTRIA DEL SALITRE  |2 CL-VaPUC  |9 487617 
651 7 |a TARAPACA  |2 CL-VaPUC  |9 268304 
651 7 |a CHILE  |2 CL-VaPUC  |9 559254 
583 |a last modification  |c 20111202 14:14:00  |k Rodrigo Vera 
490 0 |a Biblioteca Fundamentos de la Construcción de Chile, 54 
999 |c 345902  |d 345900 
952 |0 0  |1 0  |4 0  |6 380_983000000000000_BIL_2011_2011_2011  |7 0  |8 A  |9 446287  |a BIBHIS  |b BIBHIS  |d 2019-11-22  |i 4794559  |l 1  |o 380.983 BIL 2011 2011 2011  |p 4794559  |r 2025-01-20  |s 2022-11-24  |w 2019-11-22  |y BK  |k HIS 
952 |0 0  |1 0  |3 erb  |4 0  |6 380_983000000000000_BIL_2011_2011_2011  |7 0  |8 A  |9 446288  |a BIBHIS  |b BIBHIS  |i 5408601  |o 380.983 BIL 2011 2011 2011  |p 5408601  |r 2025-01-20  |w 2019-11-22  |y BK  |z Catalogado en:20170713  |k HIS